MDQL
is popping MORE tags! Check the
thread
!
Quizzes
Events
Quiz Creation
Community
Videos
Private Events
Remove Ads
Sign In
Join for FREE
Feedback
Dark Mode
Quiz Categories
Sports
Geography
Music
Movies
Television
Just For Fun
Miscellaneous
History
Literature
Language
Science
Gaming
Entertainment
Religion
Holiday
For Kids
Quiz Lab
Recent
Popular Today
Quiz Kudos Today
Editor Picks
Curator Picks
Quizzes by...
Day
Popularity
Type
Ratings
Length
Year
Community
Subscriptions
Recent Discussions
Orange Saloon
Badges
Playlists
Quests
Create
Leaderboards
Showdown
Live 5
Trivia Bingo
Activity
Puzzle Library
Sporcle Events
Private Events
Virtual Trivia
Globe League
Become a Host
Pub Owners
SporcleCon
Opinionation
Our Games
Videos
Blog
Mobile Apps
Partnerships
Remove Ads and Go Orange
Feedback
Literature
Harry Potter
A Song of Ice and Fire
The Hunger Games
Literary Character
Shakespeare
Book
Author
Novel
Poem
Young Adult
Children's Books
Play
Lord of the Rings
Literature
Harry Potter
A Song of Ice and Fire
The Hunger Games
Literary Character
Shakespeare
Book
Author
Novel
Poem
Young Adult
Children's Books
Play
Lord of the Rings
Random Quiz
Search Sporcle
×
Quiz Lab
Quiz Lab
Literature
Author
Type in answers that appear in a list
Type in answers that appear in a list
Classic
Best Score? Go Orange.
Books by Characters Stats
Can you name the following books based on three of their characters?
By
BlueLooksGloriou
10m
20 Questions
442 Plays
442 Plays
442 Plays
Comments
Comments
Give Quiz Kudos
Give Quiz Kudos
-
- Ratings
hide this ad
Replay
Link that replays current quiz
Next Quiz
Link to next quiz in quiz playlist
You Got
0%
They Got
Avg Score
38%
Avg Friend Score
Upgrade to see
Score Distribution
Jump to the score distribution portion of the page
Score
0/20
Timer
10:00
0
Plays Today
Characters
Book
% Correct
Scout, Jem, Boo Radley
To Kill a Mockingbird
87.5%
Nick Carraway, Daisy Buchanan, George Wilson
The Great Gatsby
74.6%
Pearl, Arthur Dimmesdale, Hester Prynne
The Scarlet Letter
70.7%
Edgar Linton, Nelly Dean, Heathcliff
Wuthering Heights
68.9%
Yahoos, Houyhnhnms, Lilliputians
Gulliver's Travels
63.3%
Stradlater, Mr. Antolini, Phoebe Caulfield
Catcher in the Rye
58.7%
Robert Langdon, Vittoria Vetra, Commander Olivetti
Angels and Demons
56.2%
Appleby, Washington Irving, Major Major Major Major
Catch-22
50.3%
Billy Pilgrim, Paul Lazzaro, Eliot Rosewater
Slaughterhouse-Five
39.9%
Jim, Pap, The duke and the dauphin
The Adventures of Huckleberry Finn
30.8%
Characters
Book
% Correct
Leon, Briony, Paul Marshall
Atonement
27%
Piscine Patel, Ravi, The Zebra
Life of Pi
22.2%
Lady Bertram, Mrs. Norris, Fanny Price
Mansfield Park
22.2%
Benjy, Quentin, Dilsey
The Sound and the Fury
18.6%
The Prince, The Lamplighter, The Drunkard
The Little Prince
17.7%
Bigger Thomas, Mary Dalton, Jan Erlone
Native Son
16.8%
Valentine, Peter, Mazer Rackham
Ender's Game
13.8%
Esther Summerson, Mr. Tulkinghorn, John Jarndyce
Bleak House
9.5%
Jim Burden, Otto Fuchs, Mr. Shimerda
My Antonia
6.3%
Miss Love Simpson, Will Tweedy, Lightfoot McLendon
Cold Sassy Tree
3.6%
Quiz Playlist
Details
Report
Send in Message
Add To Playlist
Classic:
Type in answers that appear in a list
Last Updated: Feb 16, 2017
Quiz Scoreboard
CHALLENGE
Sign Up to Join the Scoreboard
Show All
Scores
Hide
Comments
May contain spoilers
Recently Published
1-10 Letter E Words III
by El_Dandy
Language
2m
Street Fighter Characters
by Artimus82
Gaming
60s
College Basketball Coaching Resumes
by pancakes188
Sports
9m
More to Explore
Quiz From the Vault
Featured Blog Post
Where Did the Easter Bunny Come From?
hide this ad
You Might Also Like...
Tags
Author Quiz
Book Quiz
Novel Quiz
Character
three
Today's Top Quizzes in Literature
Browse Literature
hide this ad
Today's Top Quizzes in Author
Browse Author
Top Contributed Quizzes in Literature
1
Sneaky Slytherin Logic Puzzle
2
Get The Picture: Black or White Literature
3
5-to-1: Plays
4
One Thing in Common: Literature
5
A Court of Thorns and Roses (ACoTaR) Logic Puzzle
6
One Thing in Common: Literature II
7
One Thing in Common: Books
8
One Thing in Common: Literature 3
9
'Middle' Earth
10
One Thing in Common: Books II
Explore More
Trending Topics
Disney
Marvel
NBA
Harry Potter
Kpop
Crossword
Anime
Soccer
The Office
Country
NFL
WWE
Pokémon
Song
Puzzle
hide this ad
More By:
BlueLooksGloriou
Quiz
Plays
Rating
Category
Featured
Created
Follow That Line: Brooklyn Nine-Nine
64,817
4.59
Television
Feb 25, 2014
Ten Degrees of Separation
612
4.00
Movies
Oct 6, 2009
Books by Characters
442
3.43
Literature
Oct 4, 2009
Go to Creator's Profile
Score Distribution
Quiz Creator Spotlight
BlueLooksGloriou
Follow
Send a Message
Quizzes Created
-
Created Quiz Play Count
-
More By This Creator
Popular Quizzes Today
1
Find the US States - No Outlines Minefield
2
Find the Countries of Europe - No Outlines Minefield
3
The Countries of the World
4
Find the US States
5
Risky Map Clicking: Biggest States A-Z
6
US States
7
Popular People in 1961
8
Movies - When Are They Set?
More Literature Quizzes
Shakespeare by Numbers
Published
Trending Quizzes
Risky Map Clicking: Least Populous States A-Z
1-10 Letter G Words
USA Borders Longest to Shortest
1-10 Letter F Words
Countries of the World: 200 Million BC
Recently Updated
Leaping Animals
pecheneg
Reality TV Shows (A-Z)
bhenderson79
Rickey Henderson's Hall of Fame Teammates
pecheneg
Champions League XIs: Arsenal
pecheneg
Quick Pick: Celebrities in WWE's Hall of Fame
aduchscher
A-Z Keypad Blitz II
pecheneg
Multiple Oscar Actors
pecheneg
Mystery Phrase Blitz: Oscar 'Best Actors'
pecheneg
F. Scott Fitzgerald Novels
LTH
Pick 3 Villains
ddd62291
Trending Topics
Kpop
Harry Potter
Marvel
NBA
Disney
Anime
Crossword
WWE
Puzzle
NFL
Country
Pokémon
Soccer
The Office
Song
Your Account Isn't Verified!
In order to create a playlist on Sporcle, you need to verify the email address you used during registration. Go to your
Sporcle Settings
to finish the process.
Report this User
Report this user for behavior that violates our
Community Guidelines
.
Details:
Send Report
Go to the Sporcle.com Mobile Site →
Comments